| Tag |
First Indicator |
Second Indicator |
Subfields |
| LEADER |
00000pam a2200000 a 4500 |
| 001 |
in00000077102 |
| 005 |
20151008060529.0 |
| 008 |
801022s1981 caua 00010 engm |
| 010 |
|
|
|a 80026138
|
| 020 |
|
|
|a 0884961664
|
| 035 |
|
|
|a (OCoLC)06916818
|
| 035 |
|
|
|9 AAJ5966AM
|
| 040 |
|
|
|a DLC
|c DLC
|d m.c.
|d TXA
|d UtOrBLW
|
| 049 |
|
|
|a TXAM
|c [1442739]
|
| 050 |
0 |
0 |
|a PS3525.I5454
|b Z719
|
| 082 |
0 |
|
|a 813/.52
|2 19
|
| 100 |
1 |
|
|a Miller, Henry,
|d 1891-1980.
|
| 245 |
1 |
0 |
|a Reflections :
|b Henry Miller /
|c edited by Twinka Thiebaud.
|
| 264 |
|
1 |
|a Santa Barbara :
|b Capra Press,
|c 1981.
|
| 300 |
|
|
|a 128 pages :
|b illustrations ;
|c 22 cm.
|
| 336 |
|
|
|a text
|b txt
|2 rdacontent
|
| 337 |
|
|
|a unmediated
|b n
|2 rdamedia
|
| 338 |
|
|
|a volume
|b nc
|2 rdacarrier
|
| 700 |
1 |
|
|a Thiebaud, Twinka,
|d 1945-
|
| 999 |
|
|
|a MARS
|
| 999 |
f |
f |
|s fb80bee8-826f-3651-93c5-84438d4936e3
|i ef9f0bae-1ee5-30a6-ba1f-0018632301d7
|t 0
|
| 952 |
f |
f |
|p ric
|a Texas A&M University
|b Rellis Campus
|c Joint Library Facility
|d Remote Storage
|t 0
|e PS3525.I5454 Z719
|h Library of Congress classification
|i unmediated -- volume
|m A14806191068
|
| 998 |
f |
f |
|a PS3525.I5454 Z719
|t 0
|l Remote Storage
|